Central Library OPAC University of Rajshahi

The life and work of Thomas Hardy / (Record no. 76861)

MARC details
000 -LEADER
fixed length control field 01291nam a2200325 a 4500
001 - CONTROL NUMBER
control field 76861
003 - CONTROL NUMBER IDENTIFIER
rucl marc code BD-RjUL
005 - DATE AND TIME OF LATEST TRANSACTION
control field 20211209082910.0
008 - FIXED-LENGTH DATA ELEMENTS--GENERAL INFORMATION
fixed length control field 200127s1984 enkacf b 00110aeng d
020 ## - INTERNATIONAL STANDARD BOOK NUMBER
International Standard Book Number 0333294416
035 ## - SYSTEM CONTROL NUMBER
System control number (BD-RjUL)77085
040 ## - CATALOGING SOURCE
Original cataloging agency CaOONL
Language of cataloging eng
Transcribing agency CaOONL
Modifying agency BD-RjUL
041 ## - LANGUAGE CODE
Language code of text/sound track or separate title eng
055 00 - CLASSIFICATION NUMBERS ASSIGNED IN CANADA
Classification number PR4753
Item number A34 1984
082 0# - DEWEY DECIMAL CLASSIFICATION NUMBER
Edition number 19
Classification number 823.8
Author mark and year HAL 1984
100 1# - MAIN ENTRY--PERSONAL NAME
Personal name Hardy, Thomas,
Dates associated with a name 1840-1928.
9 (RLIN) 238495
245 14 - TITLE STATEMENT
Title The life and work of Thomas Hardy /
Statement of responsibility, etc. by Thomas Hardy ; edited by Michael Millgate.
260 ## - PUBLICATION, DISTRIBUTION, ETC. (IMPRINT)
Place of publication, distribution, etc. London :
Name of publisher, distributor, etc. Macmillan,
Date of publication, distribution, etc. 1984.
300 ## - PHYSICAL DESCRIPTION
Pagination xxxvii, 604 p., [16] p. of plates :
Illustrations ill., ports. ;
Size 23 cm.
500 ## - GENERAL NOTE
General note "An edition on new principles of the materials previously drawn upon for The early life of Thomas Hardy, 1840-1891, and The later years of Thomas Hardy, 1892-1928, published over the name of Florence Emily Hardy."
504 ## - BIBLIOGRAPHY, ETC. NOTE
Bibliography, etc Includes bibliographical references and index.
600 10 - SUBJECT ADDED ENTRY--PERSONAL NAME
Personal name Hardy, Thomas,
Dates associated with a name 1840-1928.
650 #0 - SUBJECT ADDED ENTRY--TOPICAL TERM
Topical term or geographic name as entry element Authors, English
Chronological subdivision 19th century
Form subdivision Biography.
9 (RLIN) 238496
700 1# - ADDED ENTRY--PERSONAL NAME
Personal name Millgate, Michael,
Dates associated with a name 1929-
Personal name Hardy, Florence Emily,
Dates associated with a name 1881-1937.
Personal name Hardy, Florence Emily,
Dates associated with a name 1881-1937.
942 ## - ADDED ENTRY ELEMENTS (KOHA)
Source of classification or shelving scheme Dewey Decimal Classification
Koha item type Books
Holdings
Lost status Source of classification or shelving scheme Damaged status Not for loan Collection code Permanent Location Current Location Shelving location Date acquired Total Checkouts Full call number Date last seen Copy number Koha item type
  Dewey Decimal Classification   Not For Loan Non-fiction Central Library, University of Rajshahi Central Library, University of Rajshahi Reading Room 18/05/1995   823.8 HAL 1984 28/01/2020 C-1 Books